| 000 | 01067nam a2200217Ia 4500 | ||
|---|---|---|---|
| 999 |
_c39076 _d39076 |
||
| 001 | 5639 | ||
| 003 | GE_BSU | ||
| 005 | 20191024115124.0 | ||
| 008 | 181216s2012||||ge |||||||||||||| ||geo|| | ||
| 040 | _cGE_BSU | ||
| 041 | _ageo | ||
| 080 | _a821.353.1-1 ფ-97 | ||
| 100 |
_aფუტკარაძე, ბინალ _94986 |
||
| 245 |
_aრა ტკბილად ჟღერს ჩემი ჩანგი : _bლექსები / _cბინალ ფუტკარაძე ; კრებული შეადგინა და გამოსაცემად მოამზადა შოთა ცეცხლაძემ ; რედ. ოთარ ფუტკარაძე. |
||
| 264 |
_aბათუმი : _bშპს "GAMAprint"-bc cn., _c2012. |
||
| 300 |
_a144 გვ.: _bილ.; _c20 სმ. |
||
| 653 | _aლექსები | ||
| 700 |
_aცეცხლაძე, შოთა _eშემდგენელი _91699 |
||
| 700 |
_aფუტკარაძე, ოთარ _eრედაქტორი _91700 |
||
| 942 |
_cBK _2udc |
||